Anne-Marie Charting Songs (Billboard Hot Dance) - Statistics

General Stats
  • This quiz has been taken 37 times
    5 since last reset
  • The average score is 4 of 7
Answer Stats
Album Weeks On Peak Artist(s) Song % Correct
What is Love? 52 Weeks #2 Clean Bandit ft. Sean Paul & Anne-Marie Rockabye
100%
Non-Album Single 33 Weeks #2 David Guetta, Anne-Marie & Coi Leray Baby Don't Hurt Me
75%
Non-Album Single 2 Weeks #40 Clean Bandit, Anne-Marie & David Guetta Cry Baby
75%
7 26 Weeks #14 David Guetta ft. Anne-Marie Don't Leave Me Alone
75%
All Over the Place 11 Weeks #12 Anne-Marie x KSI x Digital Farm Animals Don't Play
50%
Toast to Our Differences 9 Weeks #20 Rudimental & Major Lazer ft. Anne-Marie & Mr. Eazi Let Me Live
25%
Non-Album Single 1 Week #49 Michael Brun, Anne-Marie & Becky G Coming Your Way
0%
No matching quizzes found
Score Distribution
Percent of People with Each Score
Percentile by Number Answered
Your Score History
You have not taken this quiz since the last reset